000 00541cam a2200181 4500500
005 20260405001147.0
041 _afre
042 _adc
100 1 0 _aMichaud, Yves
_eauthor
245 0 0 _aDiversité. Le non-moi du Blanc
260 _c2011.
500 _a97
690 _aDiversité
690 _aMulticulturalisme
690 _aRacisme
786 0 _nPhilosophie magazine | 53 | 10 | 2011-10-01 | p. 2-2 | 1951-1787
856 4 1 _uhttps://shs.cairn.info/magazine-philosophie-magazine-2011-10-page-2?lang=fr&redirect-ssocas=7080
999 _c2044741
_d2044741